Регионална библиотека "Любен Каравелов" - Русе

Съчинения (Запис номер 160770)

MARC детайли
000 -Лидер
Контролно поле с фиксирана дължина 01143nam a2200313 c 4500
003 - Код на организацията, давaща контролен номер
Контролно поле BLK
005 - Дата и час на последна редакция
Контролно поле 20180422113734.0
008 - Елементи от данни с фиксирана дължина
fixed length control field 180410b bul|||||r ||||||| ||bul||
010 ## - Наследен системен номер
LC control number KNG00168053000
040 ## - Източник на каталожния запис
Идентификатор на билиотеката - собственик на записа BLK
041 ## - Код за език
Код за езика на текст/звукозапис или на отделно заглавие Български
Код за езика КДБФ Български
080 ## - УДК
Текстов определител УДК Марксизъм-ленинизъм. Научен комунизъм
УДК код - определител по УДК 141.82
УДК определител
УДК - код + определител 141.82
100 1# - Редна дума - Автор
Автор Ленин, Владимир Илич
Авторска отговорност първи автор
R(LIN) 364996
139 ## - Редно поле
Редна дума Ленин, Владимир Илич
Авторски знак Лен - Л 45
245 10 - Сведения за заглавието
Заглавие Съчинения
Подзаглавни данни Т. 1 -
Редно поле (дума) Владимир Илич Ленин.
Том Т. 4
Заглавие на том 1898 - април 1901
257 ## - Страна на издаване
Страна на създаване/издаване СССР
260 ## - Област на издателските данни
-- София
Име на издателя, разпространителя и проч. БКП
Година на издаване 1950 -
300 ## - Физическа характеристика
Размери/Мащаб 22 см
380 ## - Жанр
Жанр Философия
650 #4 - Допълнително описание по предмет – тема
Основно описание – тема или топоним Марксизъм-ленинизъм
9 (RLIN) 250564
653 ## - Ключова дума – ненормативна
Ключова дума марксизъм
653 ## - Ключова дума – ненормативна
Ключова дума ленинизъм
760 1# - Описание на основната серия
Редна дума на основното описание Ленин, Владимир Илич
Място на издаване, издател и година 1951
Страници - том VIII, 476 с., 5 л. : портр., факс.
Заглавие Т. 4 1898 - април 1901
852 ## - Местоположение
Форматна сигнатура Цб 2532
856 4# - Електронен адрес и достъп
Електронен формат pdf - файл
Път до файла /url/
856 4# - Електронен адрес и достъп
Електронен формат pdf - файл
Път до файла /url/
942 ## - АРТИКУЛИ
Вид на библиотечния материал Книги
Скрит в OPAC Не
944 ## - СЪЗДАВАНЕ И РЕДАКЦИЯ на ЗАПИСА
Създаване/Редакция Създаване
Дата на регистрацията/редакция 01.12.2014
Служител, извършил регистрацията/редакцията Камелия_Данева
944 ## - СЪЗДАВАНЕ И РЕДАКЦИЯ на ЗАПИСА
Създаване/Редакция Редакция
Дата на регистрацията/редакция 01.12.2014
Служител, извършил регистрацията/редакцията Камелия_Данева
999 ## - СИСТЕМНИ КОНТРОЛНИ НОМЕРА
Koha biblionumber 160770
Koha biblioitemnumber 160770
Наличности
Код за отписване Код за изгубен артикул Източник на класификационната схема Код за повреда Коз за рестрикции Код за отдаване Артикулен № Име на библиотеката - собственик Име на библиотеката, в която се намира в момента Статус (Текущо местоположение) Дата на вписване в системата Местоположение - отдел Цена в лева Инвентарен номер Систематично азбучна сигнатура Баркод Номер на екземпляра Цена в евро Служебна бележка Служебен тип на артикула
  Не е изгубен Universal Decimal Classification Не е повреден без рестрикции ползва се в читалня 268783 Регионална библиотека "Любен Каравелов" Русе Регионална библиотека "Любен Каравелов" Русе Хранилище 1951-01-01 Основен фонд - ползва се само за читалня 1.36 13851/63 Цб 2532 900000050585 1 0.70 N: стар фонд Дата: 01.01.1951 Книги
Изтеглен Не е изгубен Universal Decimal Classification Не е повреден без рестрикции заемане за дома 268784 Регионална библиотека "Любен Каравелов" Русе Регионална библиотека "Любен Каравелов" Русе Заемна - подръчен фонд 1951-01-01 Заемна - подръчен фонд 1.60 8286/55 П 141.8/Л 45 8286/55 2 0.82 N: стар фонд Дата: 01.01.1951 Дата инв: 19.02.2018 Бележки инв: П2018 Книги
Vip Innovations Ltd, Rousse, Bulgaria 2025